Paesi sull'Oceano Indiano - Statistics

Statistiche generali
  • Questo quiz è stato fatto 25 volte
  • Il punteggio medio è 19 su 26
Statistiche sulle risposte
Paese % Corretto
India
100%
Maldive
100%
Oman
100%
Yemen
100%
Sud Africa
96%
Indonesia
92%
Iran
92%
Madagascar
92%
Pakistan
92%
Seychelles
92%
Somalia
92%
Sri Lanka
92%
Tanzania
92%
Bangladesh
88%
Birmania / Myanmar
88%
Comore
83%
Mozambico
83%
Australia
71%
Gibuti
46%
Timor Est
46%
Kenia
38%
Tailandia
33%
Francia (Mayotte,Riunione,...)
21%
Malaysia
17%
Maurizio
17%
Regno Unito (Territorio britannico dell'Oceano Indiano)
17%
Nessun quiz corrispondente trovato
Distribuzione punteggi
Percentuale di utenti per punteggio
Percentile per numero di risposta
I tuoi punteggi nel tempo
Non hai fatto questo quiz